000 00788nam a2200253Ia 4500
003 OSt
005 20220928124323.0
006 a|||||r|||| 00| 0
007 ta
008 220927b |||||||| |||| 00| 0 eng d
020 _c595
024 _a119238
037 _b31, 28/08/2013, Pioneer Book Distributors
_cTextual
040 _aSDCL
_cSDCL
_beng
041 _2eng
_aeng
082 _aV2:73(Y7)'P, Q3
100 _aPandey Gyanendra
245 0 _aHistory of prejudice
_b Race,caste,and difference in India and the United States.
260 _aNew Delhi
_bCUP
_c2013
300 _axv;243p.
_ccm.
650 _aPolitical Science
942 _hV2:73(Y7)'P, Q3
_cTEXL
_2CC
999 _c777276
_d777276